| 000 | 02337cim a2200601Ka 4500 | ||
|---|---|---|---|
| 001 | on1030221580 | ||
| 003 | OCoLC | ||
| 005 | 20211026153706.0 | ||
| 007 | sd fsngnnmmned | ||
| 008 | 180322s2018 nyunnnne f n eng d | ||
| 020 | _a9781427297136 | ||
| 020 | _a1427297134 | ||
| 024 | 3 |
_a9781427297136 _d53999 |
|
| 035 |
_a(OCoLC)1030221580 _z(OCoLC)1002126771 _z(OCoLC)1030282361 |
||
| 037 |
_a60ccz4 _bBlackstone Publishing |
||
| 037 |
_a40ccz4 _bBlackstone Publishing |
||
| 040 |
_aTOH _beng _cTOH _dOCLCQ _dBTCTA _dBDX _dEYB _dBLACP _dTEF _dGK8 _dUOK |
||
| 049 | _aUOKA | ||
| 050 | 4 |
_aPS3569.C725 _bF43 2018ab |
|
| 082 | 0 | 4 |
_a813/.54 _223 |
| 092 | _eaudio cd | ||
| 100 | 1 |
_aScottoline, Lisa _960784 _eauthor |
|
| 245 | 1 | 0 |
_aFeared _h[sound recording] / _cLisa Scottoline. |
| 250 | _aUnabridged. | ||
| 264 | 1 |
_a[New York] : _bMacmillan Audio, _c[2018] |
|
| 300 |
_a9 audio discs (10.5 hr.) : _bCD audio, digital ; _c4 3/4 in. |
||
| 306 | _a103000 | ||
| 336 | _aspoken word | ||
| 337 | _aaudio | ||
| 338 | _aaudio disc | ||
| 500 | _aCompact discs. | ||
| 511 | 0 | _aRead by Kate Burton. | |
| 520 | _aMachiavelli, a corrupt lawyer, files a lawsuit that shakes the DiNunzio clan to its foundations. Mary steps in to fight back, but Machiavelli is a more than worthy adversary. | ||
| 650 | 0 |
_aRosato & Associates (Imaginary organization) _vFiction. _95749493 |
|
| 650 | 0 |
_aWomen lawyers _vFiction _95678703 |
|
| 650 | 0 |
_aActions and defenses _vFiction. _95749494 |
|
| 650 | 0 |
_aSex discrimination against men _vFiction. _95749495 |
|
| 650 | 7 |
_aFICTION / Thrillers / Legal. _2bisacsh _95734751 |
|
| 650 | 7 |
_aFICTION / Mystery & Detective / Women Sleuths. _2bisacsh _95687182 |
|
| 650 | 4 |
_aMystery. _988282 |
|
| 651 | 0 |
_aPhiladelphia (Pa.) _vFiction _95679988 |
|
| 655 | 7 |
_aAudiobooks _2lcgft |
|
| 655 | 7 |
_aDetective and mystery fiction _2lcgft _95683641 |
|
| 655 | 7 |
_aMystery fiction _2gsafd |
|
| 655 | 7 |
_aLegal fiction (Literature) _2lcgft _95713024 |
|
| 655 | 7 |
_aLegal stories _2gsafd |
|
| 655 | 4 |
_aAudiobooks. _96431887 |
|
| 655 | 7 |
_aNovels _2lcgft |
|
| 700 | 1 |
_aBurton, Kate _enarrator. _920861 |
|
| 856 | 7 |
_3View cover art _uhttp://midwesttapes.com/images/movies/000/000/000/011/954/000000000011954306.jpg _2http |
|
| 942 |
_2ddc _cAUDIOBOOK |
||
| 999 |
_c235557 _d235557 |
||
| 999 | _b03389306 | ||